Marine Corps JROTC Ranks - Statistics

General Stats
  • This quiz has been taken 11 times
  • The average score is 13 of 15
Answer Stats
Paygrade Rank % Correct
C/E-4 Cadet Corporal
100%
C/E-7 Cadet Gunnery Sergeant
100%
C/E-3 Cadet Lance Corporal
100%
C/E-1 Cadet Private
100%
C/E-2 Cadet Private First Class
100%
C/E-5 Cadet Sergeant
100%
C/E-9 Cadet Sergeant Major
100%
C/O-4 Cadet Major
89%
C/E-6 Cadet Staff Sergeant
89%
C/O-3 Cadet Captain
78%
C/O-6 Cadet Colonel
78%
C/O-2 Cadet First Lieutenant
78%
C/E-8 Cadet First Sergeant
78%
C/O-5 Cadet Lieutenant Colonel
78%
C/O-1 Cadet Second Lieutenant
78%
No matching quizzes found
Score Distribution
Percent of People with Each Score
Percentile by Number Answered
Your Score History
You have not taken this quiz